[Event "Balkan Youth Online-ch 2020"]
[Site "Online"]
[Date "2020.10.31"]
[Round "7.8"]
[White "Yordanov, Mario"]
[Black "Smirnov, Maksim"]
[Result "1/2-1/2"]
[WhiteElo "1213"]
[BlackElo "1139"]
[Annotator "NA RC"]
[PlyCount "137"]
[EventDate "2020.10.31"]
[EventType "swiss"]
[SourceTitle "playchess.com"]
[Source "ChessBase"]
[SourceQuality "1"]

1. e4 c6 2. d4 d5 3. exd5 cxd5 4. Bd3 Nc6 5. c3 Nf6 6. Bf4 Bg4 7. Nf3 e6 8. Nbd2 Be7 9. Qb3 Qb6 10. O-O O-O 11. h3 Bh5 12. Ne5 Nxe5 13. dxe5 Nd7 14. Qc2 Bg6 15. Bxg6 hxg6 16. Be3 Bc5 17. Bxc5 Qxc5 18. Nb3 Qc7 19. f4 Qb6+ 20. Kh1 Nc5 21. Nxc5 Qxc5 22. Qf2 Qc4 23. Rfd1 Rfd8 24. Rd4 Qc5 25. Rad1 Rac8 26. c4 a6 27. Qd2 Qc6 28. cxd5 exd5 29. Rxd5 Rxd5 30. Qxd5 Qc2 31. Qd2 Qc4 32. a3 Qe4 33. Rc1 Rxc1+ 34. Qxc1 Kh7 35. Qd2 Qb1+ 36. Kh2 Qe4 37. Qf2 g5 38. fxg5 Qxe5+ 39. Kg1 Kg6 40. Qc2+ Kxg5 41. Qd2+ Kf6 42. Qd8+ Qe7 43. Qb6+ Kg5 44. Qa5+ Kg6 45. Qb6+ Kh7 46. Qf2 Kg8 47. Kh1 g6 48. Kg1 Qd7 49. Qe2 Qc7 50. Qd2 Qc5+ 51. Qf2 Qc1+ 52. Kh2 Kh7 53. Qxf7+ Kh6 54. Qf2 Qc7+ 55. Qg3 Qc2 56. Qf4+ Kh7 57. Qf7+ Kh6 58. Qxb7 Qc1 59. Kg3 Qg5+ 60. Kf3 Qf5+ 61. Ke3 Qe5+ 62. Qe4 Qxb2 63. Qf4+ Kg7 64. Qc7+ Kh6 65. Qf4+ Kh7 66. Qh4+ Kg8 67. Qc4+ Kh7 68. Qf7+ Kh6 69. Qf4+ 1/2-1/2

[Event "Balkan Youth Online-ch 2020"]
[Site "Online"]
[Date "2020.10.31"]
[Round "7.12"]
[White "Papaioannou, Dimitrios"]
[Black "Magold, Filip"]
[Result "1-0"]
[WhiteElo "1924"]
[BlackElo "2043"]
[Annotator "TA"]
[PlyCount "107"]
[EventDate "2020.10.31"]
[EventType "swiss"]
[SourceTitle "playchess.com"]
[Source "ChessBase"]
[SourceQuality "1"]

1. c4 e5 2. Nc3 Nf6 3. Nf3 e4 4. Nd4 c6 5. d3 exd3 6. Qxd3 d5 7. cxd5 cxd5 8. g3 Nc6 9. Bg2 Be7 10. O-O O-O 11. Rd1 Nb4 12. Qb1 Be6 13. Bf4 Bc5 14. e3 h6 15. Nb3 Bb6 16. Be5 Ng4 17. Bd4 Bxd4 18. Rxd4 Nc6 19. Rd2 Nf6 20. Qd3 Qe7 21. Rad1 Rfd8 22. Qb5 Bg4 23. Rc1 a6 24. Qc5 Qxc5 25. Nxc5 b6 26. Nxd5 Nxd5 27. Rxd5 Rxd5 28. Bxd5 Rd8 29. Bxc6 bxc5 30. Kg2 Rd2 31. Rxc5 Be6 32. a4 Rxb2 33. a5 Rd2 34. Be4 Rd6 35. h3 Kf8 36. g4 Bd7 37. Kg3 Ke7 38. f4 Rd1 39. Rc7 Rd6 40. Bf5 g6 41. Bxd7 Rxd7 42. Rxd7+ Kxd7 43. f5 g5 44. Kf3 Kc6 45. e4 Kc5 46. e5 Kd5 47. e6 fxe6 48. f6 Kd6 49. Ke4 e5 50. Kf5 e4 51. Kg6 Ke5 52. f7 Kf4 53. f8=Q+ Kg3 54. Kxh6 1-0

[Event "Balkan Youth Online-ch 2020"]
[Site "Online"]
[Date "2020.10.31"]
[Round "7.12"]
[White "Kovacec, Tilen"]
[Black "Kuznetsov, Andrei S."]
[Result "1-0"]
[WhiteElo "1183"]
[BlackElo "2220"]
[Annotator "TA"]
[PlyCount "135"]
[EventDate "2020.10.31"]
[EventType "swiss"]
[SourceTitle "playchess.com"]
[Source "ChessBase"]
[SourceQuality "1"]

1. d4 d5 2. c4 Nf6 3. Nc3 Bf5 4. Qb3 Qc8 5. cxd5 e6 6. dxe6 Bxe6 7. Qc2 Nc6 8. Nf3 Be7 9. Bg5 Qd7 10. Bxf6 Bxf6 11. d5 Bxc3+ 12. bxc3 Qxd5 13. Rd1 Qxa2 14. Qxa2 Bxa2 15. e3 a6 16. Be2 Rd8 17. O-O O-O 18. c4 Rxd1 19. Rxd1 a5 20. Ra1 Bb3 21. Rb1 a4 22. Kf1 Rd8 23. Ke1 Nb4 24. Nd4 Nc2+ 25. Nxc2 Bxc2 26. Rxb7 Rc8 27. Ra7 Kf8 28. Bd1 Bxd1 29. Kxd1 Rd8+ 30. Kc2 Rc8 31. Rxa4 Ke7 32. Kc3 Kd6 33. Ra5 c5 34. Ra6+ Ke7 35. Rb6 Kd7 36. Rb7+ Ke6 37. Rb6+ Kd7 38. Ra6 Ke7 39. e4 Kd7 40. Kd3 Ke7 41. Ke3 Kd7 42. f4 Rb8 43. Ra7+ Ke8 44. Rc7 Rb3+ 45. Kf2 Rb2+ 46. Kg3 Rb3+ 47. Kg4 Rb2 48. g3 Rxh2 49. Rxc5 f6 50. Rh5 Rxh5 51. Kxh5 Kd7 52. g4 Kc6 53. g5 fxg5 54. Kxg5 Kc5 55. Kf5 Kxc4 56. Ke6 Kd4 57. e5 Ke4 58. Kd6 h5 59. e6 h4 60. e7 h3 61. e8=Q+ Kxf4 62. Qh5 Kg3 63. Qg5+ Kf2 64. Qh4+ Kg2 65. Qg4+ Kh1 66. Qxh3+ Kg1 67. Qg4+ Kf2 68. Qxg7 1-0

[Event "Balkan Youth Online-ch 2020"]
[Site "Online"]
[Date "2020.10.31"]
[Round "7.13"]
[White "Lavrencic, Matic"]
[Black "Mogirzan, Matei-Valeriu"]
[Result "1-0"]
[WhiteElo "2018"]
[BlackElo "1813"]
[Annotator "RC"]
[PlyCount "67"]
[EventDate "2020.10.31"]
[EventType "swiss"]
[SourceTitle "playchess.com"]
[Source "ChessBase"]
[SourceQuality "1"]

1. e4 e5 2. Nf3 Nc6 3. Bb5 a6 4. Ba4 Nf6 5. d3 b5 6. Bb3 Be7 7. O-O O-O 8. Nc3 d6 9. a3 Bg4 10. Be3 Bxf3 11. Qxf3 Nd4 12. Bxd4 exd4 13. Nd5 c6 14. Nxe7+ Qxe7 15. Rae1 Rfe8 16. Qg3 c5 17. f4 Nd7 18. e5 Nb6 19. f5 c4 20. exd6 Qf6 21. dxc4 bxc4 22. Ba2 Red8 23. b3 cxb3 24. Bxb3 Rxd6 25. Re6 Rxe6 26. fxe6 Qh6 27. Rxf7 Qe3+ 28. Qxe3 dxe3 29. e7 g6 30. Rf8+ Kg7 31. Rxa8 e2 32. Rg8+ Kh6 33. Kf2 Kh5 34. Kxe2 1-0

[Event "Balkan Youth Online-ch 2020"]
[Site "Online"]
[Date "2020.10.31"]
[Round "7.14"]
[White "Ipek, Egehan"]
[Black "Milanovic, Marko"]
[Result "0-1"]
[WhiteElo "1723"]
[BlackElo "2066"]
[Annotator "TA"]
[PlyCount "88"]
[EventDate "2020.10.31"]
[EventType "swiss"]
[SourceTitle "playchess.com"]
[Source "ChessBase"]
[SourceQuality "1"]

1. Nf3 d5 2. c4 e6 3. d4 Nf6 4. Nc3 c6 5. g3 dxc4 6. Ne5 b5 7. Bg2 Nd5 8. e4 Nxc3 9. bxc3 Be7 10. O-O Bb7 11. Rb1 Nd7 12. Nxc4 O-O 13. e5 Qc7 14. Ba3 Bxa3 15. Nxa3 a6 16. Nc2 c5 17. Ne3 Bxg2 18. Kxg2 cxd4 19. cxd4 Qb7+ 20. f3 Rfd8 21. Qb3 Nb6 22. a4 Rxd4 23. axb5 Rad8 24. bxa6 Qxa6 25. Rf2 Nd5 26. Nxd5 R4xd5 27. Qc3 h6 28. Qc7 R5d7 29. Qc3 Rc8 30. Rb6 Qa8 31. Qb2 Qd5 32. Re2 Qd1 33. Rf2 Rc1 34. Rb8+ Kh7 35. Qe2 Qg1+ 36. Kh3 g6 37. Rg2 Qc5 38. Qe4 Rd5 39. Qf4 Qc7 40. Rgb2 Rxe5 41. R8b7 Rh5+ 42. Kg2 Rc2+ 43. Kg1 Qc5+ 44. Kh1 Rhxh2# 0-1

[Event "Balkan Youth Online-ch 2020"]
[Site "Online"]
[Date "2020.10.31"]
[Round "7.15"]
[White "Ramaj, Ergit"]
[Black "Markosek, Bine"]
[Result "0-1"]
[WhiteElo "1444"]
[BlackElo "1287"]
[Annotator "NA RC"]
[PlyCount "110"]
[EventDate "2020.10.31"]
[EventType "swiss"]
[SourceTitle "playchess.com"]
[Source "ChessBase"]
[SourceQuality "1"]

1. d4 d5 2. Bf4 Nf6 3. e3 e6 4. Nd2 Be7 5. Bd3 O-O 6. Ngf3 b6 7. e4 dxe4 8. Nxe4 Bb7 9. Qe2 Nbd7 10. O-O Bxe4 11. Bxe4 Nxe4 12. Qxe4 Nf6 13. Qc6 Nd5 14. Bg3 Bd6 15. Ne5 Bxe5 16. Bxe5 Ne7 17. Qxc7 Qxc7 18. Bxc7 Rfc8 19. Bd6 Nf5 20. Bb4 Nxd4 21. c3 Nc2 22. Rac1 Nxb4 23. cxb4 Kf8 24. b5 Ke7 25. b4 Rxc1 26. Rxc1 Rd8 27. Kf1 Kd7 28. Rd1+ Kc7 29. Rxd8 Kxd8 30. Ke2 Kd7 31. Kd3 Kd6 32. Kd4 g5 33. h4 h6 34. hxg5 hxg5 35. f3 f5 36. g3 e5+ 37. Kc4 g4 38. fxg4 fxg4 39. a3 Ke6 40. a4 Kd6 41. a5 Ke6 42. Kd3 Kd5 43. Ke3 e4 44. axb6 axb6 45. Kd2 Kd4 46. Ke2 e3 47. Kd1 Ke4 48. Ke2 Kd4 49. Kd1 Kd3 50. Ke1 e2 51. Kf2 Kd2 52. Kg2 e1=Q 53. Kh2 Qe2+ 54. Kg1 Ke3 55. Kh1 Kf3 0-1

[Event "Balkan Youth Online-ch 2020"]
[Site "Online"]
[Date "2020.10.31"]
[Round "7.16"]
[White "Pehlivan, Mert"]
[Black "Boeru, Dragos-Matei"]
[Result "1-0"]
[WhiteElo "1653"]
[BlackElo "1756"]
[Annotator "NA RC"]
[PlyCount "91"]
[EventDate "2020.10.31"]
[EventType "swiss"]
[SourceTitle "playchess.com"]
[Source "ChessBase"]
[SourceQuality "1"]

1. e4 d5 2. exd5 Qxd5 3. Nc3 Qd6 4. Nf3 c6 5. Bc4 Nf6 6. O-O Bf5 7. d4 e6 8. Re1 Be7 9. Ne5 O-O 10. Bf4 Qd8 11. f3 Nbd7 12. Bd3 Bg6 13. Bxg6 hxg6 14. Qe2 Nb6 15. Rad1 Nbd5 16. Nxd5 Nxd5 17. Bd2 c5 18. dxc5 Bxc5+ 19. Kh1 Bd4 20. Nxg6 fxg6 21. Qxe6+ Rf7 22. Bc1 Qd7 23. Qxd7 Rxd7 24. Rxd4 Rc8 25. c4 Nb6 26. Rxd7 Nxd7 27. b3 Nc5 28. Kg1 Nd3 29. Rd1 Nxc1 30. Rxc1 Rd8 31. Rc2 Kf7 32. Kf2 Kf6 33. g4 Rd1 34. Ke2 Rh1 35. Ke3 Re1+ 36. Re2 Rd1 37. f4 Rd8 38. g5+ Kf5 39. Kf3 Rd3+ 40. Re3 Rxe3+ 41. Kxe3 Kg4 42. Ke4 Kh3 43. c5 Kxh2 44. b4 Kg2 45. b5 Kf2 46. c6 1-0

[Event "Balkan Youth Online-ch 2020"]
[Site "Online"]
[Date "2020.10.31"]
[Round "7.17"]
[White "Tsarsitalidis, Christos"]
[Black "Cimperman, Teo"]
[Result "1-0"]
[WhiteElo "1786"]
[BlackElo "1488"]
[Annotator "NA RC"]
[PlyCount "81"]
[EventDate "2020.10.31"]
[EventType "swiss"]
[SourceTitle "playchess.com"]
[Source "ChessBase"]
[SourceQuality "1"]

1. e4 c5 2. Nf3 Nc6 3. c3 g6 4. d4 cxd4 5. cxd4 e6 6. Nc3 d5 7. e5 Bg7 8. Bd3 Nge7 9. O-O O-O 10. a3 Bd7 11. Ne2 Rc8 12. Ng3 a6 13. h3 Qb6 14. Bb1 Na5 15. b4 Nc4 16. Nh2 Nxe5 17. dxe5 Bxe5 18. Be3 d4 19. Nf3 dxe3 20. Nxe5 Bb5 21. Bd3 Rfd8 22. Qe2 Bxd3 23. Nxd3 exf2+ 24. Nxf2 Nd5 25. Kh1 Qc6 26. Nfe4 Kg7 27. Qf3 f5 28. Nc5 e5 29. Rac1 e4 30. Ngxe4 fxe4 31. Qf7+ Kh6 32. Ne6 Rd7 33. Qf2 Qxe6 34. Rxc8 e3 35. Qf8+ Rg7 36. Re8 Qc6 37. Rf7 Qc3 38. Re4 b5 39. Rxg7 Qc1+ 40. Kh2 Qc7+ 41. Rxc7+ 1-0

[Event "Balkan Youth Online-ch 2020"]
[Site "Online"]
[Date "2020.10.31"]
[Round "7.18"]
[White "Nikolovski, Kiril"]
[Black "Poupalos, Nikolaos"]
[Result "0-1"]
[WhiteElo "1282"]
[BlackElo "1887"]
[Annotator "NA RC"]
[PlyCount "74"]
[EventDate "2020.10.31"]
[EventType "swiss"]
[SourceTitle "playchess.com"]
[Source "ChessBase"]
[SourceQuality "1"]

1. e4 c5 2. Nc3 Nc6 3. f4 g6 4. Nf3 Bg7 5. Bb5 Nd4 6. Be2 e6 7. O-O Ne7 8. d3 O-O 9. Be3 d5 10. Bxd4 cxd4 11. Nb1 dxe4 12. dxe4 d3 13. cxd3 Bxb2 14. Nbd2 Qb6+ 15. Kh1 Bxa1 16. Qxa1 Rd8 17. Qf6 Qc7 18. h4 Nc6 19. Qg5 Qe7 20. Qh6 Qf8 21. Qg5 b6 22. h5 Bb7 23. Nh4 Qe7 24. Qg3 Nd4 25. Bd1 Kh8 26. hxg6 fxg6 27. f5 gxf5 28. Qe5+ Qg7 29. Qh2 fxe4 30. Nxe4 Bxe4 31. dxe4 Rf8 32. Re1 Rf2 33. Bf3 Rf8 34. a3 Nxf3 35. Nxf3 R8xf3 36. Qb8+ Rf8 37. Qh2 Rf1+ 0-1

[Event "Balkan Youth Online-ch 2020"]
[Site "Online"]
[Date "2020.10.31"]
[Round "7.20"]
[White "Kalin, Andrei"]
[Black "Dragicevic, Niksa"]
[Result "1-0"]
[WhiteElo "1426"]
[BlackElo "1068"]
[Annotator "NA RC"]
[PlyCount "45"]
[EventDate "2020.10.31"]
[EventType "swiss"]
[SourceTitle "playchess.com"]
[Source "ChessBase"]
[SourceQuality "1"]

1. e4 e5 2. Nf3 Nc6 3. d4 exd4 4. Bc4 Be7 5. Nxd4 Nf6 6. Nc3 O-O 7. O-O Nxd4 8. Qxd4 d6 9. Be3 b6 10. Rad1 Be6 11. Bb3 Ng4 12. Bc1 Ne5 13. Qd2 h6 14. Qe2 Bf6 15. f4 Nc6 16. Nd5 Na5 17. e5 Be7 18. f5 Nxb3 19. axb3 Bd7 20. f6 Bxf6 21. exf6 gxf6 22. Nxf6+ Kh8 23. Qh5 1-0

[Event "Balkan Youth Online-ch 2020"]
[Site "Online"]
[Date "2020.10.31"]
[Round "7.22"]
[White "Milovic, Ilija"]
[Black "Markov, Daniel"]
[Result "0-1"]
[WhiteElo "1044"]
[BlackElo "1386"]
[Annotator "NA RC"]
[PlyCount "96"]
[EventDate "2020.10.31"]
[EventType "swiss"]
[SourceTitle "playchess.com"]
[Source "ChessBase"]
[SourceQuality "1"]

1. e4 c5 2. Be2 d6 3. f4 Nc6 4. Nf3 a6 5. O-O b5 6. a3 Bb7 7. Nc3 Qc7 8. d3 e6 9. Be3 Nf6 10. Qe1 Be7 11. Qg3 O-O 12. f5 exf5 13. exf5 Rac8 14. Nd2 d5 15. Bf4 Qd7 16. Bh6 Ne8 17. Bxg7 Nxg7 18. f6 Bxf6 19. Rxf6 Nd4 20. h4 b4 21. h5 bxc3 22. Bg4 Nde6 23. h6 cxd2 24. hxg7 Rfe8 25. Bh5 Re7 26. Rd1 Nd4 27. Rxd2 Nf5 28. Qg4 Ne3 29. Qxd7 Rxd7 30. Re2 Re8 31. b4 Kxg7 32. Rf3 d4 33. Rg3+ Kf8 34. bxc5 Rd5 35. Bf3 Rf5 36. Bxb7 Rf1+ 37. Kh2 Ng4+ 38. Rxg4 Rxe2 39. Re4 Rxe4 40. dxe4 Rc1 41. c6 Rxc2 42. Bxa6 Rxc6 43. Bb5 Rc3 44. a4 d3 45. a5 d2 46. Ba4 Rc1 47. Bd1 Rxd1 48. a6 Ra1 0-1

[Event "Balkan Youth Online-ch 2020"]
[Site "Online"]
[Date "2020.10.31"]
[Round "7.23"]
[White "Erdogan, Tekin Alp"]
[Black "Stefanou, Dimitrios"]
[Result "1/2-1/2"]
[WhiteElo "1828"]
[BlackElo "2099"]
[Annotator "TA"]
[PlyCount "45"]
[EventDate "2020.10.31"]
[EventType "swiss"]
[SourceTitle "playchess.com"]
[Source "ChessBase"]
[SourceQuality "1"]

1. d4 c5 2. e3 Nf6 3. Nf3 g6 4. Bd3 Bg7 5. O-O b6 6. c3 d5 7. Nbd2 O-O 8. Ne5 Nfd7 9. Nxd7 Nxd7 10. f4 Bb7 11. Qf3 e6 12. Qh3 Nf6 13. g4 Ne4 14. Qg2 Nxd2 15. Bxd2 f5 16. Be1 Bc8 17. h3 Kh8 18. Be2 Bf6 19. g5 Bg7 20. Rd1 Bb7 21. Bf3 c4 22. h4 Kg8 23. h5 1/2-1/2

[Event "Balkan Youth Online-ch 2020"]
[Site "Online"]
[Date "2020.10.31"]
[Round "7.24"]
[White "Makridis, Dimitrios"]
[Black "Ristic, Luka"]
[Result "1/2-1/2"]
[WhiteElo "2226"]
[BlackElo "2262"]
[Annotator "TA"]
[PlyCount "52"]
[EventDate "2020.10.31"]
[EventType "swiss"]
[SourceTitle "playchess.com"]
[Source "ChessBase"]
[SourceQuality "1"]

1. e4 c5 2. Nf3 d6 3. d4 cxd4 4. Qxd4 Nf6 5. Be2 g6 6. O-O Bg7 7. Rd1 O-O 8. c4 Nc6 9. Qe3 Ng4 10. Qg5 Bf6 11. Qd2 Qb6 12. Bf1 Be6 13. Nc3 Rac8 14. h3 Nge5 15. Nxe5 dxe5 16. Nd5 Bxd5 17. exd5 Nd4 18. b3 e6 19. dxe6 Qxe6 20. Bb2 Rfd8 21. Bxd4 exd4 22. Bd3 Kg7 23. Re1 Qd6 24. Be4 b6 25. Bd5 a5 26. Re4 Qb4 1/2-1/2

[Event "Balkan Youth Online-ch 2020"]
[Site "Online"]
[Date "2020.10.31"]
[Round "7.25"]
[White "Yavuz, Efe Metehan"]
[Black "Creanga, Robert-Ionut"]
[Result "0-1"]
[WhiteElo "1981"]
[BlackElo "2053"]
[Annotator "RC"]
[PlyCount "148"]
[EventDate "2020.10.31"]
[EventType "swiss"]
[SourceTitle "playchess.com"]
[Source "ChessBase"]
[SourceQuality "1"]

1. e4 d6 2. d4 Nf6 3. Nc3 g6 4. Bf4 c6 5. Qd2 Nbd7 6. O-O-O Qa5 7. f3 Bg7 8. Bh6 O-O 9. h4 b5 10. Kb1 b4 11. Nce2 Nb6 12. Nc1 Bxh6 13. Qxh6 Qh5 14. Qe3 c5 15. d5 Ne8 16. Nd3 f5 17. Be2 fxe4 18. fxe4 Bg4 19. Nf3 Nc7 20. Nf2 Bxf3 21. gxf3 Qe5 22. Rdg1 Qf4 23. Qd3 c4 24. Qd1 Nb5 25. h5 Na4 26. Ka1 Nxb2 27. Qc1 Qxc1+ 28. Rxc1 Nc3 29. Bf1 Rxf3 30. Ng4 Nbd1 31. Bxc4 Rg3 32. Nh2 Ne3 33. Bd3 gxh5 34. Nf1 Nxf1 35. Rcxf1 Rg5 36. Rf5 Rxf5 37. exf5 Kg7 38. Rxh5 Nxd5 39. Rg5+ Kf6 40. Rh5 Nf4 41. Rxh7 Nxd3 42. cxd3 Rc8 43. Rh4 a5 44. Re4 Rc5 45. Kb2 Rxf5 46. Kb3 Rc5 47. Ka4 e5 48. d4 Rd5 49. dxe5+ dxe5 50. Rh4 Kf5 51. Rh8 Ke4 52. Kb3 Kd4 53. Kc2 e4 54. Kd2 Rg5 55. Rd8+ Kc4 56. Ke3 Rg2 57. Rc8+ Kb5 58. Kxe4 Rxa2 59. Kd3 Rh2 60. Rc1 Rh3+ 61. Kd2 b3 62. Rf1 Kb4 63. Kc1 Ka3 64. Kb1 a4 65. Rg1 Rh4 66. Rf1 Kb4 67. Ka1 a3 68. Rb1 b2+ 69. Ka2 Rc4 70. Rh1 Rc1 71. Rxc1 bxc1=B 72. Kb1 Bg5 73. Ka2 Bf6 74. Kb1 Kb3 0-1

[Event "Balkan Youth Online-ch 2020"]
[Site "Online"]
[Date "2020.10.31"]
[Round "7.26"]
[White "Dobre, Radu-Fabian"]
[Black "Stamatiou, Rodolfos"]
[Result "0-1"]
[WhiteElo "2050"]
[BlackElo "2015"]
[Annotator "TA"]
[PlyCount "80"]
[EventDate "2020.10.31"]
[EventType "swiss"]
[SourceTitle "playchess.com"]
[Source "ChessBase"]
[SourceQuality "1"]

1. e4 c5 2. Nf3 d6 3. Bb5+ Nd7 4. O-O Ngf6 5. Re1 a6 6. Bf1 b5 7. c3 Bb7 8. Bd3 c4 9. Bc2 Nc5 10. Qe2 e6 11. b3 Rc8 12. bxc4 bxc4 13. Na3 Ncxe4 14. Nxc4 d5 15. Nce5 Bd6 16. Ba4+ Kf8 17. Bb2 Qa5 18. Bb3 Bc5 19. Rf1 Ke7 20. Rae1 Rhd8 21. d3 Nxc3 22. Bxc3 Qxc3 23. Ng5 Kf8 24. Nexf7 Re8 25. Ne5 h6 26. Nxe6+ Rxe6 27. Ng6+ Kf7 28. Qxe6+ Kxg6 29. Qh3 Qd4 30. Qg3+ Kh7 31. Re6 Rf8 32. Bd1 Bc8 33. Rc6 Bf5 34. Bf3 Bxd3 35. Rd1 Ne4 36. Bxe4+ dxe4 37. Qe3 Qxe3 38. fxe3 Bxe3+ 39. Kh1 Rf2 40. Re6 Rxa2 0-1

[Event "Balkan Youth Online-ch 2020"]
[Site "Online"]
[Date "2020.10.31"]
[Round "7.27"]
[White "Xhembulla, Aleksander"]
[Black "Djurovic, Peko"]
[Result "1/2-1/2"]
[WhiteElo "1739"]
[BlackElo "2074"]
[Annotator "TA"]
[PlyCount "28"]
[EventDate "2020.10.31"]
[EventType "swiss"]
[SourceTitle "playchess.com"]
[Source "ChessBase"]
[SourceQuality "1"]

1. e4 c5 2. c3 d5 3. exd5 Qxd5 4. d4 Nc6 5. Nf3 Nf6 6. Be2 Bf5 7. O-O e6 8. Be3 cxd4 9. cxd4 Be7 10. Nc3 Qd7 11. Ne5 Nxe5 12. dxe5 Qxd1 13. Rfxd1 Ne4 14. Bb5+ Kf8 1/2-1/2

[Event "Balkan Youth Online-ch 2020"]
[Site "Online"]
[Date "2020.10.31"]
[Round "7.28"]
[White "Skrbec, Leon"]
[Black "Zlatkov, Anton"]
[Result "1-0"]
[WhiteElo "1964"]
[BlackElo "2032"]
[Annotator "RC"]
[PlyCount "95"]
[EventDate "2020.10.31"]
[EventType "swiss"]
[SourceTitle "playchess.com"]
[Source "ChessBase"]
[SourceQuality "1"]

1. e4 c5 2. Nf3 d6 3. d4 cxd4 4. Nxd4 Nf6 5. Nc3 Nc6 6. Be3 e5 7. Ndb5 a6 8. Na3 Be6 9. f3 Be7 10. Be2 O-O 11. O-O b5 12. Nd5 Bxd5 13. exd5 Nb8 14. c4 b4 15. Nc2 a5 16. b3 Na6 17. Bd3 Nd7 18. Qe2 Ndc5 19. Rfe1 f5 20. Bf2 g6 21. Rab1 Bf6 22. Qd1 Qd7 23. Bf1 Rae8 24. g3 e4 25. Nd4 Qg7 26. fxe4 fxe4 27. Nb5 Be5 28. Be3 g5 29. Be2 Rf6 30. Rf1 Ref8 31. Qd2 Rxf1+ 32. Rxf1 Rxf1+ 33. Bxf1 h6 34. Bg2 Qf6 35. Qe2 Qg6 36. Qg4 Kg7 37. Nd4 h5 38. Qc8 Qf6 39. Nc6 Bc3 40. Qe8 Nc7 41. Qxh5 Qg6 42. Qxg5 Qxg5 43. Bxg5 Kg6 44. Be3 Kf5 45. Bxc5 dxc5 46. d6 Ne6 47. d7 Bf6 48. Bh3+ 1-0

[Event "Balkan Youth Online-ch 2020"]
[Site "Online"]
[Date "2020.10.31"]
[Round "7.34"]
[White "Budisavljevic, Luka"]
[Black "Unat, Can Haktan"]
[Result "1-0"]
[WhiteElo "2454"]
[BlackElo "2130"]
[Annotator "TA"]
[PlyCount "99"]
[EventDate "2020.10.31"]
[EventType "swiss"]
[SourceTitle "playchess.com"]
[Source "ChessBase"]
[SourceQuality "1"]

1. d4 Nf6 2. c4 d5 3. cxd5 Nxd5 4. e4 Nf6 5. Nc3 c5 6. d5 e5 7. f4 Bd6 8. Nf3 Nbd7 9. f5 a6 10. a4 Qc7 11. Nd2 h5 12. Nc4 Nb6 13. Na3 Bd7 14. Bg5 Nxa4 15. Nxa4 Nxe4 16. Be3 Qa5+ 17. Nc3 Nxc3 18. Qd2 Bxf5 19. Qxc3 Qxc3+ 20. bxc3 Ke7 21. Nc4 b5 22. Na5 c4 23. Be2 Be4 24. Bf3 Bd3 25. g3 f5 26. Kd2 Kf6 27. Nb7 Ke7 28. Ra2 b4 29. Nxd6 Kxd6 30. cxb4 e4 31. Bg2 Kxd5 32. Kc3 h4 33. Ra5+ Ke6 34. g4 fxg4 35. Rha1 h3 36. Bh1 g3 37. hxg3 h2 38. b5 Kf5 39. b6+ Kg4 40. Bf4 Raf8 41. Rg5+ Kh3 42. Ra2 Bf1 43. Rf2 Rxf4 44. gxf4 Bd3 45. b7 e3 46. Rf3+ Kh4 47. Rxe3 Rb8 48. Reg3 g6 49. R3g4+ Kh3 50. Bg2# 1-0

[Event "Balkan Youth Online-ch 2020"]
[Site "Online"]
[Date "2020.10.31"]
[Round "7.35"]
[White "Guri, Adrian"]
[Black "Herega, Nejc"]
[Result "0-1"]
[WhiteElo "1611"]
[BlackElo "2052"]
[Annotator "TA"]
[PlyCount "54"]
[EventDate "2020.10.31"]
[EventType "swiss"]
[SourceTitle "playchess.com"]
[Source "ChessBase"]
[SourceQuality "1"]

1. e4 c5 2. Nf3 d6 3. Bb5+ Nd7 4. O-O a6 5. Bxd7+ Bxd7 6. c4 e5 7. Nc3 Ne7 8. d3 h6 9. Be3 g6 10. Ne1 Bg7 11. g3 O-O 12. Ng2 Bh3 13. Qd2 Kh7 14. f4 exf4 15. Rxf4 g5 16. Rf2 Ng6 17. Nd5 Ne5 18. Raf1 Ng4 19. Rxf7 Rxf7 20. Rxf7 b5 21. Qc3 Ne5 22. Rxg7+ Kxg7 23. Bxc5 Kh7 24. Bf2 Qf8 25. Qc2 Bxg2 26. Kxg2 Qf3+ 27. Kg1 Rf8 0-1

[Event "Balkan Youth Online-ch 2020"]
[Site "Online"]
[Date "2020.10.31"]
[Round "7.36"]
[White "Jordanov Mihail"]
[Black "Patrelakis, Evaggelos"]
[Result "0-1"]
[WhiteElo "2105"]
[BlackElo "2281"]
[Annotator "TA"]
[PlyCount "114"]
[EventDate "2020.10.31"]
[EventType "swiss"]
[SourceTitle "playchess.com"]
[Source "ChessBase"]
[SourceQuality "1"]

1. e4 c5 2. Nf3 e6 3. d4 cxd4 4. Nxd4 Nf6 5. Nc3 d6 6. Bd3 a6 7. a4 Qc7 8. O-O b6 9. f4 Be7 10. Bd2 Bb7 11. Qe1 Qc5 12. Be3 Ng4 13. Nxe6 Qxe3+ 14. Qxe3 Nxe3 15. Nc7+ Kd8 16. Nxa8 Nxf1 17. Nxb6 Ne3 18. h3 Bf6 19. Nc4 Nxc4 20. Bxc4 Bd4+ 21. Kf1 Bxc3 22. bxc3 Bxe4 23. Rd1 Kc7 24. Rd2 f5 25. g4 Rf8 26. Rf2 a5 27. Bb3 Nd7 28. Ke2 Nc5 29. Ke3 Rb8 30. gxf5 Bxf5 31. Rg2 g6 32. Kd4 Nxb3+ 33. cxb3 Rxb3 34. Kc4 Be6+ 35. Kd3 Ra3 36. Re2 Bf5+ 37. Kd4 Rxa4+ 38. Kd5 Kd7 39. c4 Bd3 40. Rb2 Bxc4+ 41. Kd4 Bb5+ 42. Ke3 Rb4 43. Ra2 Rb3+ 44. Ke4 a4 45. h4 a3 46. h5 Bc4 47. Ra1 Rh3 48. hxg6 hxg6 49. Kd4 Be6 50. Rb1 a2 51. Rb7+ Kc6 52. Ra7 Rh1 53. f5 gxf5 54. Ra6+ Kb5 55. Rxd6 a1=Q+ 56. Kd3 Rd1+ 57. Kc2 Qc1# 0-1

[Event "Balkan Youth Online-ch 2020"]
[Site "Online"]
[Date "2020.10.31"]
[Round "7.37"]
[White "Veljanoski, Andrej"]
[Black "Kilic, Gokturk Kagan"]
[Result "1-0"]
[WhiteElo "2007"]
[BlackElo "2084"]
[Annotator "TA"]
[PlyCount "109"]
[EventDate "2020.10.31"]
[EventType "swiss"]
[SourceTitle "playchess.com"]
[Source "ChessBase"]
[SourceQuality "1"]

1. e4 c5 2. Nf3 e6 3. d4 cxd4 4. Nxd4 a6 5. Bd3 Bc5 6. Nb3 Ba7 7. O-O Ne7 8. Nc3 Nbc6 9. Bf4 d6 10. Be2 e5 11. Be3 Be6 12. Bxa7 Rxa7 13. a4 O-O 14. Bf3 Bxb3 15. cxb3 Nd4 16. Be2 Ra8 17. b4 Qb6 18. b5 a5 19. Bc4 Qc5 20. Ba2 Rac8 21. Kh1 Qb4 22. Qd2 Kh8 23. Rad1 f5 24. exf5 Nexf5 25. Bd5 Nb3 26. Qg5 Nc5 27. Qd2 Nd4 28. Ne4 Qxd2 29. Rxd2 Nxe4 30. Bxe4 b6 31. Bd5 Rc5 32. Ba2 g5 33. Kg1 Rfc8 34. f3 Kg7 35. Kf2 Rc2 36. Rfd1 Kf6 37. Bd5 h6 38. g3 R8c5 39. Ba2 Rxd2+ 40. Rxd2 Rc1 41. b4 axb4 42. Rb2 Ra1 43. a5 bxa5 44. b6 Nc6 45. b7 Ke7 46. Bd5 Nb8 47. Rc2 Rd1 48. Rc7+ Kf6 49. Rc8 Na6 50. Bc4 b3 51. Bxa6 b2 52. b8=Q b1=Q 53. Rf8+ Ke6 54. Qc8+ Kd5 55. Qc4# 1-0